000 00562nam a2200169 i 4500
001 88269
003 ES-MaACL
005 20230906175829.0
007 t|
008 050103s1954 sp ||||1| spa d
100 1 _aLaín Entralgo, Pedro,
_d1908-2001
_969681
245 1 0 _aHistoria de la Medicina
_b: medicina moderna y contemporánea /
_cPedro Laín Entralgo.
260 _aBarcelona, etc. :
_bEditorial Científico-Médica,
_c1954 (
_fClarasó)
300 _a743 p., 10 lám. :
_bil. ;
_c23 cm.
852 _aES-MaACL
_jD-6620
_bR.35949
999 _c88269
_d88269